Zdobywcy Złotej Piłki - Nagła Śmierć - Statystyki

Ogólne statystyki
  • Ten quiz został rozwiązany 2 049 razy
  • Średni wynik to 7 z 20
Answers on the Grid
Answers color-coded by a green-red scale on the quiz's grid according to % correct below.
Luka Modric
Thierry Henry
Lew Jaszyn
Pavel Nedved
Pele
Virgil Van Dijk
Robert Lewandowski
Karim Benzema
Xavi
Roberto Baggio
Kylian Mbappe
Rodri
Alfredo Di Stefano
Fabio Cannavaro
Zinedine Zidane
Diego Maradona
Gheorghe Hagi
Kaka
Ruud Gullit
Andrea Pirlo
Erling Haaland
Andrij Szewczenko
Vinicius Junior
Matthias Sammer
Rivaldo
Neymar
Paolo Maldini
Ronaldinho
Christo Stoiczkow
David Beckham
Kevin Keegan
Luis Figo
Frank Lampard
Luis Suarez
Andres Iniesta
Antoine Griezmann
Wayne Rooney
Deco
Zbigniew Boniek
Michael Owen
 
Statystyki odpowiedzi
Odpowiedź % Poprawnych
Luka Modric
92%
Karim Benzema
57%
Pavel Nedved
52%
Lew Jaszyn
51%
Rodri
47%
Kaka
43%
Fabio Cannavaro
41%
Zinedine Zidane
41%
Ronaldinho
40%
Andrij Szewczenko
37%
Luis Figo
32%
Alfredo Di Stefano
30%
Michael Owen
30%
Rivaldo
29%
Christo Stoiczkow
28%
Roberto Baggio
24%
Ruud Gullit
22%
Matthias Sammer
20%
Kevin Keegan
15%
Luis Suarez
7%
Nie znaleziono quizów pasujących do podanych kryteriów
Rozkład punktacji
Procent ludzi z każdym wynikiem
Percentyl według liczby udzielonych odpowiedzi
Twoja historia wyników
Nie rozwiązałeś tego quizu